000 01059cam a2200313u 4500
001 77057
003 BD-RjUL
005 20211209082924.0
008 200217n xx 000 0 eng
035 _a(BD-RjUL)
040 _aDLC
_cCarP
_dDLC
_beng
041 _aeng
043 _aa-ii---
082 _223
_a780.954
_bFYM 1925
100 _aFyzee-Rahamin, Atiya Begum
_911684
245 0 4 _aThe Music of India./
_b[Sound recording]
_cAtiya Begum Fyzee-Rahamin,
260 _aLondon :
_bLuzac ,
_c1925
300 _a95 p. :
_bill. ;
_c25 cm
500 _aSharan Rani, sarod, with Chatur Lal, tabla, and Robert Garfias, tambura.
500 _aRecorded at MEA Studios, San Francisco.
500 _aProgram notes by Robert E. Brown on slipcase.
505 0 _aRaga Kausi-Kanada.--Raga lalit.--Pancham savari.
650 0 _aSarod and tabla music.
_9239568
650 0 _aHindustani music.
_9239569
710 2 _aSharan Rani. [from old catalog]
_9239570
906 _a0
_bcbc
_cpremunv
_du
_encip
_f19
_gy-gencatlg
942 _2ddc
_cBK
999 _c77057
_d77057